Water resources management : a world bank policy paper.
Αποθηκεύτηκε σε:
| Συγγραφή απο Οργανισμό/Αρχή: | |
|---|---|
| Μορφή: | Βιβλίο |
| Γλώσσα: | English |
| Δημοσίευση: |
Washington, D.C. :
The World Bank,
c1993
|
| Σειρά: | World Bank policy paper
|
| Θέματα: | |
| Ετικέτες: |
Προσθήκη ετικέτας
Δεν υπάρχουν, Καταχωρήστε ετικέτα πρώτοι!
|
MARC
| LEADER | 00000cam a2200000 i 4500 | ||
|---|---|---|---|
| 001 | 1/17346 | ||
| 008 | 981006s1993 eng d | ||
| 020 | |a 0-82132-636-8 | ||
| 035 | |l 10020520 | ||
| 040 | |a GR-MY-UA |b gre |e aacr | ||
| 041 | 0 | |a eng | |
| 082 | 0 | |a 333.910091726 | |
| 245 | 0 | 0 | |a Water resources management : |b a world bank policy paper. |
| 260 | |a Washington, D.C. : |b The World Bank, |c c1993 | ||
| 300 | |a 140 p. | ||
| 490 | 1 | |a (A World Bank policy paper) | |
| 504 | |a Includes bibliographical references | ||
| 650 | 0 | 0 | |a Water resources development |z Developing countries. |
| 710 | 2 | |a World Bank. | |
| 830 | 0 | |a World Bank policy paper | |
| 852 | |a INST |b LESVOS |e 19981006 |h 333.910091726 WAT |p 005100018145 |q 005100018145 |t BK |y 0 | ||
| 901 | |a BIBL-1999-1 | ||
| 922 | |a 1ΕΛΗ |b 199809 |c ΚΠΣ/ΤΠ |d ΠΑΠΑΣΩΤΗΡΙΟΥ | ||
| 950 | |a 107-1998-04-07 | ||